LEADER 03615oam 2200601I 450
001 9910453734603321
005 20200520144314.0
010 $a1-136-51820-7
010 $a0-415-43650-8
010 $a1-315-01685-0
010 $a1-136-51813-4
024 7 $a10.4324/9781315016856
035 $a(CKB)2550000001131137
035 $a(EBL)1474444
035 $a(OCoLC)862049066
035 $a(MiAaPQ)EBC1474444
035 $a(Au-PeEL)EBL1474444
035 $a(CaPaEBR)ebr10786395
035 $a(CaONFJC)MIL530846
035 $a(OCoLC)861199812
035 $a(EXLCZ)992550000001131137
100 $a20180706e20031970 uy 0
101 0 $aeng
135 $aur|n|---|||||
181 $2rdacontent
182 $2rdamedia
183 $2rdacarrier
200 10$aExpectation, enterprise and profit $ethe theory of the firm /$fG.L.S. Shackle
210 1$aOxon [England] :$cRoutledge,$d2003.
215 $a1 online resource (263 p.)
225 0 $aKeynesian & post-Keynesian economics ;$vXI
225 0$aRoutledge library editions.$pEconomics
300 $aFirst published in 1970.
311 $a0-415-31378-3
311 $a1-299-99595-0
320 $aIncludes bibliographical references and index.
327 $aCover; Half Title; Title Page; Copyright Page; Original Title Page; Original Copyright Page; Dedication; Table of Contents; Preface; 1. The Nature of Production; 1. The Measure of Production; 2. The Nature of Production; 3. The Means of Production; 4. The Matrix of Production; 5. The Design of Production; 6. Reason, Knowledge and Time; 7. Time-Horizon and Policy; 8. Markets and Prices; 9. The Purpose of the Firm; 10. The Firm's Production Plan; 11. The Firm and the Public Interest; 2. The Matrix of Production; 3. The Firm's Tests of Rightness; 1. Variables, Values, Vectors and Functions
327 $a2. Difference-Quotient, Derivative, Differentiation3. Three Dimensions Represented in Two Dimensions; 4. The Logic of Cheapness; 5. Scale; 6. Costs; 7. Revenue; 8. The Test of Greatest Net Revenue; 9. Overheads; 4. Investment; 1. Durability; 2. Discounting; 3. Plant Accounting; 4. The Concept of Elasticity; 5. Deferment and the Leverage of Interest-Rate Changes; 6. The Interest Elasticity of Present Values; 7. The Reservoir of Investment Projects; 8. Uncertainty, Discounting and Horizon; 9. Focus Values; 5. Expectation; 6. Interdependent Decision-making; 7. Profit and Equilibrium
327 $a1. Policy, Surprise and Decision2. Elasticities of Surprise; 3. Equilibrium and the Unknown; Index
330 $aG.L.S. Shackle made numerous, pioneering contributions to the study of uncertainty in economic life. This volume studies the production process, where resources must be committed to specific technological purposes long in advance of the ultimate sale of goods to the consumer. The problems of such a system rest on the durability of the instruments it uses, whose huge expense can only be recouped if they can be used for many years. Yet at the time of investment, those years of use are in the future and uncertain.
The firm is the essential institutional means of confronting this uncertain
410 0$aRoutledge library editions.$pEconomics.
606 $aMicroeconomics
608 $aElectronic books.
615 0$aMicroeconomics.
676 $a161
700 $aShackle$b G. L. S$g(George Lennox Sharman),$f1903-1992.,$0975182
801 0$bMiAaPQ
801 1$bMiAaPQ
801 2$bMiAaPQ
906 $aBOOK
912 $a9910453734603321
996 $aExpectation, enterprise and profit$92220384
997 $aUNINA
LEADER 03864oam 2200697I 450
001 9910457537403321
005 20200520144314.0
010 $a1-283-44158-6
010 $a9786613441584
010 $a0-203-14760-X
010 $a1-136-51088-5
024 7 $a10.4324/9780203147603
035 $a(CKB)2550000000088753
035 $a(EBL)957493
035 $a(OCoLC)798533214
035 $a(SSID)ssj0000648587
035 $a(PQKBManifestationID)12227003
035 $a(PQKBTitleCode)TC0000648587
035 $a(PQKBWorkID)10600160
035 $a(PQKB)11248250
035 $a(MiAaPQ)EBC957493
035 $a(Au-PeEL)EBL957493
035 $a(CaPaEBR)ebr10531864
035 $a(CaONFJC)MIL344158
035 $a(OCoLC)785426771
035 $a(EXLCZ)992550000000088753
100 $a20180706d2012 uy 0
101 0 $aeng
135 $aur|n|---|||||
181 $ctxt
182 $cc
183 $acr
200 00$aCommunity visioning programs $eprocesses and outcomes /$fedited by Norman Walzer and Gisele F. Hamm
210 1$aMilton Park, Abingdon, Oxon ;$aNew York :$cRoutledge,$d2012.
215 $a1 online resource (225 p.)
225 1 $aCommunity development research and practice series ;$vv. 1
300 $aDescription based upon print version of record.
311 $a0-415-68029-8
311 $a0-415-68028-X
320 $aIncludes bibliographical references and index.
327 $aCover; Community Visioning Programs Processes And Outcomes; Copyright; Contents; List of Figures; List of Tables; Notes on Contributors; Series Editor's Introduction; Preface; 1. Community Visioning Initiatives; 2. Essential Ingredients in Successful Visioning; 3. Structures,Approaches, Stakeholders, and Program Outcomes; 4. Ready to Vision? Evidence from Social Capital Assessments in Four Minnesota Towns; 5. A Framework for Teaching and Implementing Community Visioning; 6. The Importance of Intangible Outcomes; 7. Building Solidarity and Agency Through a Participatory Visioning Process
327 $a8. Appreciative Inquiry as a Visioning Process9. Strategic Doing for Community Development; 10. Breakthrough Solutions:A New Paradigm for Strategic Visioning?; Index
330 $a"Community visioning is key in helping local public officials and community leaders create a flourishing future for their cities, and is essential for the effective planning of these strategies. Visioning involves collaborative goal setting to motivate actions - of planners, citizens, and officials - in order to set up a strategic plan for the successful development of the community. The use of visioning since the 1980s has led to a wealth of information on the productivity of the paths it has taken. The contributors, all with experience working in the area, review the successes and failures of the strategies, and look at new innovations which are pushing the frontiers of community visioning. This review of the development of visioning focuses on small and medium sized communities in North America. It aims to guide citizens, local leaders and planners on what strategies are best to help them revitalise their communities and ensure a prosperous future"--$cProvided by publisher.
410 0$aCommunity development research and practice series ;$vv. 1.
606 $aCommunity life
606 $aCommunities$xPlanning
606 $aCommunity development$xPlanning
608 $aElectronic books.
615 0$aCommunity life.
615 0$aCommunities$xPlanning.
615 0$aCommunity development$xPlanning.
676 $a307.1/160973
701 $aHamm$b Gisele$0927481
701 $aWalzer$b Norman$0141225
801 0$bMiAaPQ
801 1$bMiAaPQ
801 2$bMiAaPQ
906 $aBOOK
912 $a9910457537403321
996 $aCommunity visioning programs$92083907
997 $aUNINA